Muslim neoplatonists : (Record no. 542078)

000 -LEADER
fixed length control field 00687mam a2200181 a 4500
020 ## - INTERNATIONAL STANDARD BOOK NUMBER
International Standard Book Number 0748602518
082 ## - DEWEY DECIMAL CLASSIFICATION NUMBER
Classification number 181.9
Author Mark NET
-- L-31,P85.
100 1# - MAIN ENTRY--PERSONAL NAME
Personal name Netton, Ian Richard.
9 (RLIN) 37174
245 10 - TITLE STATEMENT
Title Muslim neoplatonists :
Remainder of title an introduction to the thought of the Brethren of Purity, Ikhwān al-Ṣafāʾ /
Statement of responsibility, etc. Ian Richard Netton.
260 ## - PUBLICATION, DISTRIBUTION, ETC.
Place of publication, distribution, etc. Edinburgh :
Name of publisher, distributor, etc. Edinburgh University Press,
Date of publication, distribution, etc. 1991.
300 ## - PHYSICAL DESCRIPTION
Extent x, 146 p. ;
Dimensions 22 cm.
490 1# - SERIES STATEMENT
Series statement Islamic surveys ;
500 ## - GENERAL NOTE
General note Reprint, with corrections, of the edition originally published by Allen & Unwin, 1982.
526 ## - STUDY PROGRAM INFORMATION NOTE
Program name 0
Interest level 0
Reading level 0
Title point value 181_900000000000000_NET
650 ## - SUBJECT ADDED ENTRY--TOPICAL TERM
Topical term or geographic name entry element MCE
9 (RLIN) 379
710 2# - ADDED ENTRY--CORPORATE NAME
Corporate name or jurisdiction name as entry element Ikhwān al-Ṣafāʼ.
9 (RLIN) 6171
942 ## - ADDED ENTRY ELEMENTS (KOHA)
Source of classification or shelving scheme
Koha item type Book
Holdings
Withdrawn status Lost status Source of classification or shelving scheme Damaged status Not for loan Permanent Location Current Location Date acquired Total Checkouts Full call number Barcode Date last seen Price effective from Koha item type
          Military College of Engineering (MCE) Military College of Engineering (MCE) 09/19/2013   181.9 NET MCE-26404 09/19/2013 09/19/2013 Book
© 2023 Central Library, National University of Sciences and Technology. All Rights Reserved.